000 00833nam0a22002531 4500
001 rc\3546034
005 20250610020011.0
035 _a(NLR Aleph) 007635358
090 _a6067851
_c6067851
100 _a20130115d1971 |||y0rusy50 ca
101 0 _arus
102 _aRU
105 _aa z |||||
200 1 _aВнутрикорабельные технические средства связи подводных лодок
_e[Учеб. пособие
210 _aЛенинград]
_cБ. и.
_d1971
215 _a152 с.
_cил.
_d22
320 _aБиблиогр.: с. 151
333 _aДля внутривед. продажи
700 1 _aВоробьев
_bС.С.
_gСерафим Сергеевич
801 0 _aRU
_bNLR
_gpsbo
801 1 _aRU
_bELAR
_2rusmarc
852 _aNLR
_j72-50к/398
942 _cBOOK
980 _aNB